000 00360pab a2200145 454500
008 180718b2006 xxu||||| |||| 00| 0 eng d
100 _aGanesh, S.K.G.
245 _aPolitical behaviour as basis of problems in organisations
260 _c2006
300 _ap.56-58.
362 _aMay
650 _aOrganizations
773 _aThird Concept
909 _a69673
999 _c69673
_d69673